00609nam a2200205Ia 4500003000400000005001700004008004100021020001800062040000700080041000800087082001500095100002200110245002900132260003800161300000900199650003300208942001300241999001900254952013000273OSt20250909102004.0250729s2004 xx 000 0 und d a9788176484862 cAL aeng a371.4 AKNG aA K Nayak9222440 aGuidence and counselling aNew DelhibA P H Publishingc2004 a244p aGuidence Counselling9222441 2ddccBED c235463d235463 00104070aALbALd2025-07-29eSita Book Houseg150.00l0o371.4 AKNGpBED00782r2025-07-29 16:54:01v150.00w2025-07-29yBK